<?xml version="1.0" encoding="UTF-8"?>
<record
    xmlns:xsi="http://www.w3.org/2001/XMLSchema-instance"
    xsi:schemaLocation="http://www.loc.gov/MARC21/slim http://www.loc.gov/standards/marcxml/schema/MARC21slim.xsd"
    xmlns="http://www.loc.gov/MARC21/slim">

  <leader>00562nam a22001337a 4500</leader>
  <controlfield tag="005">20250807120644.0</controlfield>
  <controlfield tag="008">250807b        |||||||| |||| 00| 0 eng d</controlfield>
  <datafield tag="050" ind1=" " ind2=" ">
    <subfield code="a">THE SB 324.55 .K4 M328 2021</subfield>
    <subfield code="b">C.1</subfield>
  </datafield>
  <datafield tag="100" ind1=" " ind2=" ">
    <subfield code="a">Mbunde, Joseph</subfield>
  </datafield>
  <datafield tag="245" ind1=" " ind2=" ">
    <subfield code="a">Smallholder farmers' postharvest handling technologies awareness level influence on tomato quality in Kisii and Nyamira Counties, Kenya</subfield>
  </datafield>
  <datafield tag="260" ind1=" " ind2=" ">
    <subfield code="a">Kisii</subfield>
    <subfield code="b">Kisii University</subfield>
    <subfield code="c">2021</subfield>
  </datafield>
  <datafield tag="650" ind1=" " ind2=" ">
    <subfield code="a">1. Postharvest technology - Kenya. 2. Tomatoes - Kenya - Quality. 3. Tomato -Postharvest loses - Kenya.</subfield>
  </datafield>
  <datafield tag="942" ind1=" " ind2=" ">
    <subfield code="2">lcc</subfield>
    <subfield code="c">REF</subfield>
  </datafield>
  <datafield tag="999" ind1=" " ind2=" ">
    <subfield code="c">215999</subfield>
    <subfield code="d">215999</subfield>
  </datafield>
  <datafield tag="952" ind1=" " ind2=" ">
    <subfield code="0">0</subfield>
    <subfield code="1">0</subfield>
    <subfield code="2">lcc</subfield>
    <subfield code="4">0</subfield>
    <subfield code="6">THE S B  00324.00055 .K00004 M00328 02021</subfield>
    <subfield code="7">0</subfield>
    <subfield code="8">SC</subfield>
    <subfield code="9">372784</subfield>
    <subfield code="a">KSUL</subfield>
    <subfield code="b">KSUL</subfield>
    <subfield code="d">2025-08-07</subfield>
    <subfield code="i">109415</subfield>
    <subfield code="l">0</subfield>
    <subfield code="o">THE SB 324.55 .K4 M328 2021</subfield>
    <subfield code="p">000000023737</subfield>
    <subfield code="r">2025-08-07 12:08:52</subfield>
    <subfield code="t">C.1</subfield>
    <subfield code="w">2025-08-07</subfield>
    <subfield code="y">REF</subfield>
  </datafield>
</record>
